00569nam a2200181Ia 4500008004100000020001800041082001500059100001900074245005600093250000800149260003500157300001300192600002100205650002100226942000800247952011500255999001700370241115s9999 xx 000 0 und d a0-07-100934-5 a005.74 STA aStamper, David 0aDatabase Design and Management: an applied approach a.NA aNew York:bMc Graw Hill,c1990 axx,466p. aComputer Science aComputer Science cBBD 001040708BB-CSaUITUbUITUd2004-01-26eKhaliq B.B.g161.50l0pBB727r2024-11-15 09:47:16w0000-00-00yBBD c25220d25220